000 00505nam a2200181Ia 4500
005 20251020182611.0
008 200515s9999 xx 000 0 und d
082 _aSC/658.114/658.3/036
110 _aOficina Internacional del Trabajo
245 0 _aLas empresas multinacionales en los países en desarrollo: Elección de tecnología y generación de empleo
260 _aGinebra
260 _c1984
300 _a116
650 _aEMPLEO
650 _aTECNOLOGIA
650 _aTRABAJO
942 _cLIB
999 _c3346
_d3346